Bioprocess Engineering (Record no. 13983)
[ view plain ]
| 000 -LEADER | |
|---|---|
| fixed length control field | 00282nam a22001217a 4500 |
| 020 ## - INTERNATIONAL STANDARD BOOK NUMBER | |
| ISBN | 9789382036265 |
| 082 ## - DEWEY DECIMAL CLASSIFICATION NUMBER | |
| Classification number | 660.63 |
| Item number | MUK/BI |
| 100 ## - MAIN ENTRY--AUTHOR NAME | |
| Personal name | Mukherjee, Biswajit |
| 245 ## - TITLE STATEMENT | |
| Title | Bioprocess Engineering |
| 260 ## - PUBLICATION, DISTRIBUTION, ETC. (IMPRINT) | |
| Place of publication | New Delhi |
| Name of publisher | Black Prints |
| Year of publication | 2013 |
| 300 ## - PHYSICAL DESCRIPTION | |
| Number of Pages | 251 |
| 942 ## - ADDED ENTRY ELEMENTS (KOHA) | |
| Koha item type | Books |
| Withdrawn status | Lost status | Damaged status | Collection code | Home library | Current library | Shelving location | Date acquired | Source of acquisition | Cost, normal purchase price | Full call number | Accession Number | Koha item type |
|---|---|---|---|---|---|---|---|---|---|---|---|---|
| Non-fiction | KAUAET | KAUAET | General Stacks | 30/03/2013 | Neoti Book Agency | 850.00 | 660.63 MUK/BI | 23901 | Books | |||
| Non-fiction | KAUAET | KAUAET | General Stacks | 30/03/2013 | Neoti Book Agency | 850.00 | 660.63 MUK/BI | 23902 | Books | |||
| KAUAET | KAUAET | General Stacks | 21/07/2016 | Southern Book Star, Tvm | 850.00 | 660.63 MUK/BI | 24889 | Books |
